000 00410nam a22001337a 4500
008 150420b xxu||||| |||| 00| 0 eng d
020 _a9780071753579
020 _a0071753575
041 0 _aeng
080 _a330.322
245 1 4 _aThe ten trillion dollar gamble :
_cRuss Koesterich.
246 3 0 _aComing deficit debacle and how to invest now
942 _2udc
_cBK
999 _c713
_d713